Introduction to marketing. / (Record no. 8052)

MARC details
000 -LEADER
fixed length control field 01595nam a22002537a 4500
003 - CONTROL NUMBER IDENTIFIER
control field OSt
005 - DATE AND TIME OF LATEST TRANSACTION
control field 20220609134629.0
008 - FIXED-LENGTH DATA ELEMENTS--GENERAL INFORMATION
fixed length control field 120521t xxu||||| |||| 00| 0 eng d
020 ## - INTERNATIONAL STANDARD BOOK NUMBER
International Standard Book Number 9780538754873
020 ## - INTERNATIONAL STANDARD BOOK NUMBER
International Standard Book Number 0538754877
040 ## - CATALOGING SOURCE
Transcribing agency LC
050 ## - LIBRARY OF CONGRESS CALL NUMBER
Classification number HF5415.M14(11e)
100 ## - MAIN ENTRY--PERSONAL NAME
Personal name McDaniel, Carl
245 ## - TITLE STATEMENT
Title Introduction to marketing. /
Statement of responsibility, etc. Carl McDaniel, Charles W Lamb, and Joseph F. Hair, Jr.
250 ## - EDITION STATEMENT
Edition statement 11th ed.
260 ## - PUBLICATION, DISTRIBUTION, ETC.
Place of publication, distribution, etc. Australia:
Name of publisher, distributor, etc. Cengage learning,
Date of publication, distribution, etc. 2011.
300 ## - PHYSICAL DESCRIPTION
Extent xxv,777 p.:
Other physical details ill(some col.);
Dimensions 27cm.
500 ## - GENERAL NOTE
General note Includes index
505 ## - FORMATTED CONTENTS NOTE
Formatted contents note Contents: 1.The World of marketing: An overview of marketing -- Strategic planning for competitive advantage -- Ethics and social responsibility -- The marketing environment -- Developing a global vision -- 2. Analyzing market opportunities: Consumer decision making -- Business marketing -- Segmenting and targeting markets -- Decision support systems and marketing research -- 3. Product decisions: Product concepts -- Developing and managing products -- Services and nonprofit organization marketing -- 4.Distribution decisions: Marketing channels -- Supply chain management -- Retailing -- 5. Promotion and communication strategies: Promotional planning for competitive advantage -- Advertising and public relations -- Sales promotion and personal selling -- 6. Pricing decisions: Pricing concepts -- Setting the right price -- 7. Technology-driven marketing: Customer relationship management(CRM) --
650 ## - SUBJECT ADDED ENTRY--TOPICAL TERM
Topical term following geographic name entry element Marketing.
700 ## - ADDED ENTRY--PERSONAL NAME
Personal name Lamb, Charles W.
710 ## - ADDED ENTRY--CORPORATE NAME
Relator term Hair, Joseph F. Jr
942 ## - ADDED ENTRY ELEMENTS (KOHA)
Source of classification or shelving scheme Library of Congress Classification
Koha item type Books
Holdings
Withdrawn status Lost status Source of classification or shelving scheme Damaged status Not for loan Home library Current library Shelving location Date acquired Full call number Barcode Date last seen Copy number Price effective from Koha item type Total Checkouts
    Library of Congress Classification     WISCONSIN INTERNATIONAL UNIVERSITY COLLEGE, GHANA - MAIN LIBRARY WISCONSIN INTERNATIONAL UNIVERSITY COLLEGE, GHANA - MAIN LIBRARY Reference 09/06/2022 HF5415.M14(11e) 9283/732/22 09/06/2022 1 09/06/2022 Books  
    Library of Congress Classification     WISCONSIN INTERNATIONAL UNIVERSITY COLLEGE, GHANA - MAIN LIBRARY WISCONSIN INTERNATIONAL UNIVERSITY COLLEGE, GHANA - MAIN LIBRARY Reference 09/06/2022 HF5415.M141(11e) 9284/733/22 09/06/2022 2 09/06/2022 Books  
    Library of Congress Classification     WISCONSIN INTERNATIONAL UNIVERSITY COLLEGE, GHANA - MAIN LIBRARY WISCONSIN INTERNATIONAL UNIVERSITY COLLEGE, GHANA - MAIN LIBRARY Reference 09/06/2022 HF5415.M142(11e) 29285/734/22 09/06/2022 3 09/06/2022 Books  
    Library of Congress Classification     WISCONSIN INTERNATIONAL UNIVERSITY COLLEGE, GHANA KUMASI LIBRARY WISCONSIN INTERNATIONAL UNIVERSITY COLLEGE, GHANA KUMASI LIBRARY General Stacks 07/11/2019 HF5415.M142(11e) K/1601/1601/19 19/11/2021 3 19/11/2021 Books  
    Library of Congress Classification     WISCONSIN INTERNATIONAL UNIVERSITY COLLEGE, GHANA KUMASI LIBRARY WISCONSIN INTERNATIONAL UNIVERSITY COLLEGE, GHANA KUMASI LIBRARY General Stacks 07/11/2019 HF5415.M143(11e) K/1602/1602/19 19/11/2021 4 19/11/2021 Books  
    Library of Congress Classification     WISCONSIN INTERNATIONAL UNIVERSITY COLLEGE, GHANA KUMASI LIBRARY WISCONSIN INTERNATIONAL UNIVERSITY COLLEGE, GHANA KUMASI LIBRARY General Stacks 07/11/2019 HF5415.M14(11e) K/1440/1440/19 23/11/2021 1 19/11/2021 Books  
    Library of Congress Classification     WISCONSIN INTERNATIONAL UNIVERSITY COLLEGE, GHANA KUMASI LIBRARY WISCONSIN INTERNATIONAL UNIVERSITY COLLEGE, GHANA KUMASI LIBRARY General Stacks 07/11/2019 HF5415.M141(11e) K/1441/1441/19 23/11/2021 2 19/11/2021 Books  

If you have any concerns or questions; kindly contact the library


© Powered by WIUC ICT DIRECTORATE